000 00609nam a2200193Ia 4500
005 20250508163238.0
008 008 250505s9999 xx 000 0 eng d
037 _aDissertations
040 _aFEDL
_beng
_cFEDL
041 _aeng
_2eng
084 _a371.425, ARO/DI
_qFEDL
100 _aArora Ravinder
245 0 _aInvestigation into the vocational interests of the T.D.C III year students of women colleges in Amritsar
260 _c1983
300 _a28p.
546 _aM.Ed. Dissertation 1983 (Amritsar University)
942 _cDIS
_h371.425, ARO/DI
999 _c1381741
_d1381741